000 00530nam a22001937a 4500
005 20251108171749.0
008 250721s2002 xx 000 0 ara d
082 1 4 _a218.1/هند
100 1 _aهندي، صالح ذياب
245 1 0 _aدراسات في الثقافة الإسلامية /
250 _aط10
264 1 _aعمان :
_bدار الفكر للنشر،
_c2002.
300 _a256ص.
650 1 7 _aالإسلام
650 1 7 _aالتعلم
650 1 7 _aالتعليم
942 _2ddc
_cBK
999 _c61944
_d61944